| 000 | 00822cam a2200229Ia 4500 | ||
|---|---|---|---|
| 020 | _a1405168390 (electronic) | ||
| 020 | _a9781405168397 (electronic) | ||
| 082 | 0 | 4 |
_a624.1821 _bJOH _cL-01, P-111. |
| 100 | 1 |
_aJohnson, R. P. _942960 |
|
| 245 | 1 | 0 |
_aComposite structures of steel and concrete _bbeams, slabs, columns, and frames for buildings / _cR.P. Johnson. |
| 250 | _a3rd ed. | ||
| 260 |
_aMalden, MA : _bBlackwell Pub., _cc2004. |
||
| 300 |
_axviii, 230 p. : _bill. : digital, HTML and PDF files. |
||
| 526 |
_a0 _b0 _c0 _d624_182100000000000_JOH |
||
| 650 | 0 | _aBuilding, Iron and steel. | |
| 650 | 0 | _aComposite construction. | |
| 650 | 0 | _aConcrete construction. | |
| 650 | 0 |
_aMCE _9379 |
|
| 710 | 2 |
_aKnovel (Firm) _940981 |
|
| 856 | 4 | 0 | _uhttp://www.columbia.edu/cgi-bin/cul/resolve?clio6985673 |
| 942 |
_2ddc _cBK |
||
| 999 |
_c546866 _d546866 |
||